Memoria que presenta la Junta Directiva a la General de socios el dia 24 de julio de 1887, dando cuenta de su gestión en el año / (Record no. 53879)
[ view plain ]
| 000 -LEADER | |
|---|---|
| campo de control de longitud fija | 00739nam a2200181 i 4500 |
| 001 - NÚMERO DE CONTROL | |
| campo de control | 53879 |
| 003 - IDENTIFICADOR DE NÚMERO DE CONTROL | |
| campo de control | ES-MaACL |
| 005 - FECHA Y HORA DE LA ÚLTIMA TRANSACCIÓN | |
| campo de control | 20230906162840.0 |
| 007 - CAMPO FIJO DE DESCRIPCIÓN FÍSICA--INFORMACIÓN GENERAL | |
| campo de control de longitud fija | t| |
| 008 - DATOS DE LONGITUD FIJA--INFORMACIÓN GENERAL | |
| campo de control de longitud fija | 031117s1887 cu ||||1| spa d |
| 110 2# - ENTRADA PRINCIPAL--NOMBRE DE ENTIDAD CORPORATIVA | |
| Nombre de entidad corporativa o nombre de jurisdicción como elemento de entrada | Centro Asturiano de La Habana. |
| 9 (RLIN) | 2568 |
| 245 10 - MENCIÓN DEL TÍTULO | |
| Título | Memoria que presenta la Junta Directiva a la General de socios el dia 24 de julio de 1887, dando cuenta de su gestión en el año / |
| Mención de responsabilidad, etc. | Centro Asturiano de la Habana [por Vicente Fernández Plaza]. |
| 260 ## - PUBLICACIÓN, DISTRIBUCIÓN, ETC. | |
| Lugar de publicación, distribución, etc. | Habana : |
| Nombre del editor, distribuidor, etc. | [s.n.], |
| Fecha de publicación, distribución, etc. | 1887 ( |
| Fabricante | Imp. de Soler, Alvarez y Compañía) |
| 300 ## - DESCRIPCIÓN FÍSICA | |
| Extensión | 127 p., [5] h. pleg. ; |
| Dimensiones | 23 cm. |
| 610 24 - PUNTO DE ACCESO ADICIONAL DE MATERIA--NOMBRE DE ENTIDAD CORPORATIVA | |
| Nombre de entidad corporativa o nombre de jurisdicción como elemento de entrada | Centro Asturiano de la Habana- |
| Subdivisión de forma | Memorias. |
| 9 (RLIN) | 165180 |
| 700 1# - ENTRADA AGREGADA--NOMBRE PERSONAL | |
| Nombre de persona | Fernández Plaza, Vicente. |
| 9 (RLIN) | 50003 |
| 852 ## - LOCALIZACIÓN | |
| Ubicación | ES-MaACL |
| Número de control de estantería | T-460-F-10 |
| Estatus retirado | Estado de pérdida | Estado de daño | No para préstamo | Colección | Biblioteca de origen | Biblioteca actual | Ubicación en estantería | Fecha de adquisición | Fuente de adquisición | Total de préstamos | Signatura topográfica completa | Código de barras | Visto por última vez | Precio de reemplazo | Tipo de ítem Koha |
|---|---|---|---|---|---|---|---|---|---|---|---|---|---|---|---|
| Colección de folletos | Biblioteca del Ateneo de Madrid | Biblioteca del Ateneo de Madrid | Depósito folletos | 17/01/2008 | T-460-F-10 | 1056622 | 23/02/2023 | 23/02/2023 | Folleto |
